000 00470nam a2200193Ia 4500
005 20240823021554.0
008 240823s9999||||xx |||||||||||||| ||und||
020 _a81-203-3114-1
041 _aENGLISH
082 _A658.81 P7
100 _a"William ""Skip"" Miller"
245 0 _aProActive Sales Management
250 _a1st
260 _c2007
_b"PHI,.New "
_aNew Delhi
500 _aYES
650 _aSales
_bManagement Studies
942 _cBK
999 _c177296
_d177296